| 000 | 01061nam a22002297a 4500 | ||
|---|---|---|---|
| 005 | 20120418131936.0 | ||
| 008 | 081106t xxu||||| |||| 00| 0 hin d | ||
| 010 | _a | ||
| 020 |
_c225.00 _a8170434236 |
||
| 035 | _aB-244381 | ||
| 037 | _bDBAD / PUB | ||
| 040 |
_aDPL _bHN |
||
| 082 | _a355.02 | ||
| 100 |
_aरंजीत कुमार _945321 |
||
| 245 |
_aकारगिल का सच / _cरंजीत कुमार |
||
| 246 |
_aKargil kaa sacha _bby Ranjeet Kumar |
||
| 260 |
_aदिल्ली _bआत्माराम एण्ड संस _c2006 |
||
| 270 |
_a1376,कश्मीरी गेट _bदिल्ली _e110006 _k011-23946466, 23973082 _matmaram_books@hotmail.com |
||
| 300 |
_a225 पृ. _c22सेमी(सजिल्द) _bफोटो ( श्वेत और श्याम ) |
||
| 942 |
_2ddc _cHN _mरंजीत _h355.02 |
||
| 999 |
_c65221 _d65221 |
||